000 00750nam a2200229Ii 4500
003 JO-AjNU
008 230605s9999||||xx |||||||||||||| ||und||
017 _a2017/5/2222
020 _a978-9957-631-62-8
040 _aJO-AjNU
_bara
_erda
_cJO-AjNU
041 _aara
050 1 4 _aPJ6696.Y375 2018
100 3 _aالياسري، فاخر هاشم,
_eauthor
_958617
245 0 0 _aتجليات التعبير اللغوي في النص القرآني
250 _aط1
264 3 1 _aإربد: عالم الكتب الحديث للنشر والتوزيع، 2018
300 _a152ص
336 _atext
_btxt
_2rdacontent
337 _aunmediated
_bn
_2rdamedia
338 _avolume
_bnc
_2rdacarrier
650 4 _a القرآن - بلاغة
_958618
999 _aA26332
_c29900
_d29900